Pla de prevenció d'incendis forestals a les urbanitzacions
Publicado:
[Barcelona] :
Diputació de Barcelona. Àrea de Territori i Sostenibilitat. Oficina Tècnica de Prevenció Municipal d'Incendis Forestals, s.a
Descripción Física:
1 cartipàs amb llom de 5 cm ; 34 x 27 cm
MARC
| LEADER | 00000nam a2200000Ia 4500 | ||
|---|---|---|---|
| 001 | 24066 | ||
| 008 | 160829s9999 xx 000 0 cat d | ||
| 080 | |a NBM-9-1 | ||
| 245 | |a Pla de prevenció d'incendis forestals a les urbanitzacions | ||
| 260 | |a [Barcelona] : |b Diputació de Barcelona. Àrea de Territori i Sostenibilitat. Oficina Tècnica de Prevenció Municipal d'Incendis Forestals, s.a. | ||
| 300 | |a 1 cartipàs amb llom de 5 cm ; |c 34 x 27 cm | ||
| 590 | |a Cartipàs de color blau clar amb un logo amb les lletres PPU a la portada. | ||
| 590 | |a Al revers, hi ha el número de telefòn de la Oficina Tècnica de Prevenció Municipal d'Incendis Forestals. Inclou 4 separadors amb els següents títols : 1. Descripció general, 2. P | ||
| 650 | 0 | |a Incendis forestals |x Prevenció i control |9 50256 | |
| 710 | |a Barcelona (Catalunya : Província). |b Oficina Tècnica de Prevenció Municipal d'Incendis Forestals |9 9456 | ||
| 856 | |u www.diba.cat/incendis | ||
| 901 | |a Arxiu | ||
| 942 | |n 1 | ||
| 952 | |0 0 |1 0 |4 0 |6 NBM91 |7 1 |9 55912 |a Arxiu |b Arxiu |d 2016-12-01 |l 0 |o NBM-9-1 |p 24066 |r 2016-12-01 00:00:00 |w 2016-12-01 |y ARXIU | ||
| 999 | |c 59785 |d 59785 | ||